000 00432nam a2200157 i 4500
001 141762
003 ES-MaACL
005 20230906200349.0
007 t|
008 070927s1978 xxk ||||1| eng d
100 1 _aWadley, Nicholas.
_9115814
245 1 0 _aCézanne and his art /
_cNicholas Wadley.
260 _aLondon :
_bHamlyn,
_c[1978]
300 _a128 p., 6 lám. :
_bil. ;
_c35 cm.
852 _aES-MaACL
_jA-8371
_bR.97986
999 _c141762
_d141762